Relationship marketing : Bringing quality, customer service and marketing together
Αποθηκεύτηκε σε:
| Κύριος συγγραφέας: | |
|---|---|
| Άλλοι συγγραφείς: | , |
| Μορφή: | Βιβλίο |
| Γλώσσα: | English |
| Δημοσίευση: |
Oxford :
Butterworth-Heinemann,
1991.
|
| Σειρά: | The marketing series
|
| Θέματα: | |
| Ετικέτες: |
Προσθήκη ετικέτας
Δεν υπάρχουν, Καταχωρήστε ετικέτα πρώτοι!
|
MARC
| LEADER | 00000cam a2200000 i 4500 | ||
|---|---|---|---|
| 001 | 1/38701 | ||
| 008 | 960119s1991 eng d | ||
| 020 | |a 0-7506-0978-8 | ||
| 035 | |l 10024910 | ||
| 040 | |a GR-MY-UA |b gre |e aacr | ||
| 041 | 0 | |a eng | |
| 082 | 0 | |a 658.8 | |
| 100 | 1 | |a Christopher, Martin. | |
| 245 | 1 | 0 | |a Relationship marketing : |b Bringing quality, customer service and marketing together / |c Martin Christopher, Adrian Payne, David Ballantyne. |
| 260 | |a Oxford : |b Butterworth-Heinemann, |c 1991. | ||
| 300 | |a 204 p. : | ||
| 490 | 1 | |a The marketing series | |
| 500 | |a Includes index. | ||
| 650 | 0 | 0 | |a Marketing. |
| 700 | 1 | |a Payne, Adrian. | |
| 700 | 1 | |a Ballantyne, David. | |
| 830 | 0 | |a The marketing series | |
| 852 | |a INST |b CHIOS |e 19960119 |h 658.8 CHR |p 005200001074 |q 005200001074 |t BK |y 0 | ||
| 909 | |a Χ |b 039598 | ||